| 000 | 01131cab a2200205 4500 | ||
|---|---|---|---|
| 001 | L136208 | ||
| 008 | 070117n2007 000 0 eng u | ||
| 035 | _a(Sirsi) u136208 | ||
| 041 | 0 | _aeng | |
| 050 | 0 | 4 | _a614.76 $2 18 |
| 110 | 1 |
_aEngland and Wales _bEnvironment Agency _92469 |
|
| 245 | 0 | 0 |
_aWaste data update 2004 _h[electronic resource] |
| 260 |
_aBriston _bEnvironment Agency _c2007 |
||
| 520 | _aReport on waste management issues. Finds that landfill has fallen slowly but steadily and was down 9% since 2001. Includes information on waste management facilities permitted by the Environment Agency, deposits of waste at waste management facilities licensed or permitted by the Environment Agency in 2004-5, waste management capacity on 31 March 2005 and hazardous waste information - England and Wales 2004. | ||
| 590 | _aKA | ||
| 651 | 4 |
_aEngland and Wales _y1543- |
|
| 690 | _aENVIRONMENTAL AND LAND CONSULTANCY-WASTE MANAGEMENT | ||
| 856 | 4 | 0 |
_uhttps://www.environment-agency.gov.uk/subjects/waste/1031954/315439/1434288/?lang=_e _zView the report free of charge online at www.environment-agency.gov.uk... |
| 942 | _n0 | ||
| 999 |
_c78197 _d78197 |
||